Tanzania HIV,AIDS Indicator Survey 2003-2004 (Record no. 6837)

000 -LEADER
fixed length control field 00404nam a22001217a 4500
008 - FIXED-LENGTH DATA ELEMENTS--GENERAL INFORMATION
fixed length control field 200330b ||||| |||| 00| 0 eng d
100 ## - MAIN ENTRY--PERSONAL NAME
Personal name Tanzania Commission of AIDS
245 ## - TITLE STATEMENT
Title Tanzania HIV,AIDS Indicator Survey 2003-2004
Medium English
260 ## - PUBLICATION, DISTRIBUTION, ETC. (IMPRINT)
Place of publication, distribution, etc. Dar Es Salaam
Name of publisher, distributor, etc. National Bureau of Statistics
Date of publication, distribution, etc. 2004
300 ## - PHYSICAL DESCRIPTION
Extent xiii,127p.
Other physical details Illustration
Dimensions 28cm
650 ## - SUBJECT ADDED ENTRY--TOPICAL TERM
Source of heading or term HIV/AIDS Indicatoto Survey
942 ## - ADDED ENTRY ELEMENTS (KOHA)
Source of classification or shelving scheme
Koha item type BOOKS
Holdings
Withdrawn status Lost status Source of classification or shelving scheme Damaged status Not for loan Home library Current library Date acquired Total Checkouts Barcode Date last seen Price effective from Koha item type
          Mwanza Mwanza 30/03/2020   10000002348 30/03/2020 30/03/2020 BOOKS
          Mwanza Mwanza 30/03/2020   10000002349 30/03/2020 30/03/2020 BOOKS
          Mwanza Mwanza 30/03/2020   10000002350 30/03/2020 30/03/2020 BOOKS
          Mwanza Mwanza 31/03/2020   10000001580 31/03/2020 31/03/2020 BOOKS

IRDP © 2019 :: Managed by IRDP ICT Unit